Bases psicosociales de la educación /
Guardado en:
| Autor Principal: | |
|---|---|
| Formato: | Libro |
| Publicado: |
Buenos Aires :
Guadalupe,
1984
|
| Edición: | 2a. ed. |
| Series: | Bca. Pedag¢gica....
|
| Etiquetas: |
Agregar Etiqueta
Sin Etiquetas, Sea el primero en etiquetar este registro!
|
| LEADER | 00477nam a22001695a 4500 | ||
|---|---|---|---|
| 001 | CEM.cems006818 | ||
| 005 | 20060214000000.0 | ||
| 008 | 130507s1984##################000#0#####d | ||
| 003 | CEMS | ||
| 082 | 0 | 4 | |a 370.15 |
| 100 | 1 | |a Oñativia, Oscar V. | |
| 245 | 1 | 0 | |a Bases psicosociales de la educación / |
| 250 | |a 2a. ed. | ||
| 260 | |a Buenos Aires : |b Guadalupe, |c 1984 | ||
| 300 | |a 493 p. | ||
| 490 | 0 | |a Bca. Pedag¢gica.... | |
| 859 | |a CEMS |b BIB. CEMS - 11 de abril |h 370.15 |i O¤1a2 |p 16274.91 |t Ej.1 | ||
